Normal view
MARC view
Entry Personal Name
001 - CONTROL NUMBER
- control field: 33128
003 - CONTROL NUMBER IDENTIFIER
- control field: OSt
005 - DATE AND TIME OF LATEST TRANSACTION
- control field: 20220504110029.0
008 - FIXED-LENGTH DATA ELEMENTS
- fixed length control field: 220504|| aca||aabn | a|a d
040 ## - CATALOGING SOURCE
- Original cataloging agency: OSt
- Transcribing agency: OSt
100 ## - HEADING--PERSONAL NAME
- Personal name: BOURGAIZE (David) and others
670 ## - SOURCE DATA FOUND
- Source citation: Work cat.: (OSt)105528: BOURGAIZE (David) and others., Biotechnology Demystifying the concepts, 2003